000 00650nam a2200229Ia 4500
003 OSt
005 20221005122011.0
006 a|||||r|||| 00| 0
007 ta
008 221004b |||||||| |||| 00| 0 eng d
024 _a58131
037 _cTextual
040 _aCRL
_cCRL
_beng
041 _2eng
_aeng
082 _aV2:24hM85, E5
100 _aMazumdar Amvika Charan
245 0 _aindian national evolution
_b A brief survey of the origin and progress of the Indian national congress.
260 _c1915
650 _aHISTORY
942 _hV2:24hM85, E5
_cTEXL
_2cc
999 _c1042957
_d1042957